书目信息 |
| 题名: |
大学生健康教育
|
|
| 作者: | 周弘 主编 | |
| 分册: | ||
| 出版信息: | 上海 上海大学出版社 2008.08 |
|
| 页数: | 377页 | |
| 开本: | 21cm | |
| 丛书名: | ||
| 单 册: | ||
| 中图分类: | G647.9 | |
| 科图分类: | ||
| 主题词: | 大学生--da xue sheng--健康教育 | |
| 电子资源: | ||
| ISBN: | 978-7-81118-300-9 | |
| 000 | 00794nam0 2200229 450 | |
| 001 | 012009637775 | |
| 005 | 20090428184627.17 | |
| 010 | @a978-7-81118-300-9@dCNY22.00 | |
| 100 | @a20090428d2008 em y0chi0120 ea | |
| 101 | 0 | @achi |
| 102 | @aCN@b310000 | |
| 105 | @ay z 000yy | |
| 106 | @ar | |
| 200 | 1 | @a大学生健康教育@Ada xue sheng jian kang jiao yu@f周弘主编@Fzhou hong zhu bian |
| 210 | @a上海@c上海大学出版社@d2008.08 | |
| 215 | @a377页@d21cm | |
| 330 | @a本书内容包括:健康;传染性疾病的防治和预防接种;性知识;吸烟、酗酒和药物滥用;食品营养学;应急处理;常见病的防治;血液知识与无偿献血以及运动与健康。 | |
| 606 | 0 | @a大学生@Ada xue sheng@x健康教育 |
| 690 | @aG647.9@v4 | |
| 701 | 0 | @a周弘@Azhou hong@4主编 |
| 801 | 0 | @aCN@bQSSK@c20090428 |
| 905 | @b738139-41@dG647.9@eZ762@f3 | |
| 大学生健康教育/周弘主编.-上海:上海大学出版社,2008.08 |
| 377页;21cm |
| ISBN 978-7-81118-300-9:CNY22.00 |
| 本书内容包括:健康;传染性疾病的防治和预防接种;性知识;吸烟、酗酒和药物滥用;食品营养学;应急处理;常见病的防治;血液知识与无偿献血以及运动与健康。 |
| ● |
| 相关链接 |
|
|
|
正题名:大学生健康教育
索取号:G647.9/Z762
 
预约/预借
| 序号 | 登录号 | 条形码 | 馆藏地/架位号 | 状态 | 备注 |
| 1 | 738139 | 207381395 | 社科库409/409社科库 14排3列1层/ [索取号:G647.9/Z762] | 在馆 | |
| 2 | 738140 | 207381402 | 社科库409/409社科库 14排3列1层/ [索取号:G647.9/Z762] | 在馆 | |
| 3 | 738141 | 207381411 | 社科库409/409社科库 14排3列1层/ [索取号:G647.9/Z762] | 在馆 |